Music Quiz

Random Music Quiz

Davey Suicide Lyrics Quiz Stats

 Plays Quiz not verified by Sporcle

Challenge
Share
Tweet
Embed
Score 0/239 Timer 20:00
0 Plays Today
Hint Answer % Correct
A
100%
The
100%
Is
100%
The
100%
A
100%
A
100%
A
100%
A
100%
The
100%
A
100%
The
100%
A
100%
A
100%
A
100%
A
100%
A
100%
A
100%
A
100%
A
100%
A
100%
A
100%
A
100%
A
100%
A
100%
A
100%
A
100%
A
100%
In
80%
Of
80%
You
80%
In
80%
In
80%
Of
80%
In
80%
In
80%
In
80%
In
80%
In
80%
In
80%
In
80%
Song?Sick Suicide
60%
You're
60%
World
60%
Sin
60%
It's
60%
Painted
60%
Crystal
60%
Clean
60%
You're
60%
America
60%
Your
60%
White
60%
It's
60%
Sick
60%
Sick
60%
Sick
60%
Sick
60%
Suicide
60%
Sick
60%
Sick
60%
Suicide
60%
We
60%
Are
60%
Partners
60%
Crime
60%
It
60%
To
60%
Sick
60%
Sick
60%
Sick
60%
Suicide
60%
You're
60%
On
60%
You're
60%
You're
60%
It's
60%
Sick
60%
Sick
60%
Sick
60%
Sick
60%
Hint Answer % Correct
Suicide
60%
Sick
60%
Sick
60%
Suicide
60%
We
60%
Are
60%
Partners
60%
Crime
60%
It
60%
To
60%
Sick
60%
Sick
60%
Sick
60%
Suicide
60%
We
60%
We
60%
Are
60%
Partners
60%
Crime
60%
We
60%
Are
60%
Partners
60%
Crime
60%
We
60%
We
60%
Are
60%
Partners
60%
Crime
60%
We
60%
Are
60%
Partners
60%
Crime
60%
It
60%
To
60%
It
60%
To
60%
It's
60%
Sick
60%
Sick
60%
Sick
60%
Sick
60%
Suicide
60%
Sick
60%
Sick
60%
Suicide
60%
We
60%
Are
60%
Partners
60%
Crime
60%
It
60%
To
60%
Sick
60%
Sick
60%
Sick
60%
It's
60%
Sick
60%
Sick
60%
Sick
60%
Sick
60%
Suicide
60%
Sick
60%
Sick
60%
Suicide
60%
We
60%
Are
60%
Partners
60%
Crime
60%
It
60%
To
60%
Sick
60%
Sick
60%
Sick
60%
Suicide
60%
Stuck
40%
Broke
40%
Like
40%
Selling
40%
Same
40%
Old
40%
Dream
40%
Hint Answer % Correct
Picket
40%
Fence
40%
While
40%
Soldiers
40%
Get
40%
Shot
40%
Down
40%
Freedom
40%
Isn't
40%
Free
40%
Until
40%
Run
40%
Town
40%
Dreaming
40%
Keeps
40%
Us
40%
Alive
40%
Takes
40%
Tragedy
40%
Leave
40%
Legacy
40%
Like
40%
Like
40%
For
40%
One
40%
What
40%
Dreaming
40%
Keeps
40%
Us
40%
Alive
40%
Takes
40%
Tragedy
40%
Leave
40%
Legacy
40%
Takes
40%
Tragedy
40%
Leave
40%
Legacy
40%
Takes
40%
Tragedy
40%
Leave
40%
Legacy
40%
Dreaming
40%
Keeps
40%
Us
40%
Alive
40%
Takes
40%
Tragedy
40%
Leave
40%
Legacy
40%
Dreaming
40%
Keeps
40%
Us
40%
Alive
40%
Takes
40%
Tragedy
40%
Leave
40%
Legacy
40%
Confused
20%
Believeing
20%
Everything
20%
That's
20%
News
20%
Real
20%
Hollywood
20%
Staging
20%
Every
20%
Move
20%
Praised
20%
Million
20%
Marching
20%
Right
20%
Our
20%
Nation
20%
Under
20%
Fraud
20%
Look
20%
We've
20%
Become
20%

You're not logged in!

Compare scores with friends on all Sporcle quizzes.
Join for Free
OR
Log In

You Might Also Like...

Show Comments

Extras

Created May 25, 2014ReportFavoriteNominate
Tags:davey, suicide

Top Quizzes Today


Score Distribution

Your Account Isn't Verified!

In order to create a playlist on Sporcle, you need to verify the email address you used during registration. Go to your Sporcle Settings to finish the process.

Report this User

Report this user for behavior that violates our Community Guidelines.

Details: